Statistics for Soccer players Star of the country

Click here to take the quiz!

General Stats

  • This quiz has been taken 133 times
  • The average score is 18 of 40

Answer Stats

Hint Answer % Correct
ArgentinaMessi
99%
BrazilNeymar
95%
UruguaySuarez
88%
PortugalRonaldo
83%
WalesBale
77%
BelgiumHazard
76%
EnglandRooney
73%
SwedenIbrahimovic
72%
ColombiaFalcao
70%
PolandLewandowski
66%
ChileVidal
65%
NetherlandsRobben
65%
CroatiaModric
65%
GermanyNeuer
63%
EcuadorValencia
60%
Ivory CoastToure Yaya
55%
CameroonEtoo
49%
AustriaAlaba
45%
DenmarkEriksen
42%
FranceRibery
42%
Czech RepublicCech
41%
SwitzerlandShaqiri
41%
USADempsey
40%
TurkeyTuran
39%
JapanKagawa
36%
SlovakiaHamsik
36%
Bosnia and HerzegovinaPjanic
28%
EgyptSalah
28%
TogoAdebayor
27%
GabonAubameyang
26%
Korea RepublicHeung Min Son
25%
ArmeniaMkhitaryan
23%
SpainDavid Silva
23%
PeruFarfan
21%
Costa RicaBryan Ruiz
20%
GhanaBoateng
13%
MexicoCarlos Vela
9%
AlgeriaFeghouli
7%
NigeriaEmenike
7%
SenegalSow
2%

Score Distribution

Percentile by Number Answered

Percent of People with Each Score

Your Score History

You have not taken this quiz